000 00446nam a2200181Ia 4500
008 230524s9999 xx 000 0 und d
020 _a8131703177
082 _a5.133
_bTON
100 _aClovis L.Tondo
245 4 _aThe C Answer Book -Sl To C Prog Language
250 _a1ST
260 _aNEW DELHI
_bPearson
_c2008
300 _aX;679
500 _aQuantity Number: 10
650 _aComp-Sc
700 _a Scott E.Gimpel
942 _cBK
999 _c39583
_d39583